| 000 | 00989cam a22003137a 4500 | ||
|---|---|---|---|
| 003 | CHAP | ||
| 005 | 20220329135114.0 | ||
| 008 | 971013s1975 r 00010 d | ||
| 010 | _a31017 | ||
| 011 | _a31989 | ||
| 035 | _a36101 | ||
| 040 | _cCHAP | ||
| 082 |
_a338.91 _bL59 |
||
| 100 | 0 | 0 |
_aLizano Fait, Eduardo. _967212 |
| 245 | 1 | 3 | _aLa integración económica centroamericana |
| 260 |
_aMéxico : _bFondo de Cultura Económica, _c1975 |
||
| 300 | _a2 v. | ||
| 490 | 0 |
_aLecturas _v; 13 |
|
| 590 |
_aBATCH-UPD _b10 _c20130110 _lUCH01 _h1612 |
||
| 590 |
_aBATCH-UPD _b10 _c20130410 _lUCH01 _h1007 |
||
| 590 |
_aBATCH-UPD _b10 _c20130914 _lUCH01 _h0319 |
||
| 590 |
_aCONVERSION _b10 _c20130109 _lUCH01 _h1318 |
||
| 650 | 1 | 4 |
_aAmérica Central _xIntegración económica. _95375 |
| 650 | 1 | 4 |
_aIntegración económica internacional. _959500 |
| 830 | 0 |
_aLecturas _v; 13 _965503 |
|
| 901 | _aBK | ||
| 942 | _cLIBRO | ||
| 949 |
_a338.91 L59 _bBC _cLIBRO _d33724000110110 _eLIBRO _fv.1 _h38636 _i36101 _si |
||
| 999 |
_c31017 _d31017 |
||